El sí de la niñas

Kaydedildi:
Detaylı Bibliyografya
Yazar: Fernández de Moratín, Leandro (Yazar)
Materyal Türü: Kitap
Dil:İspanyolca
Baskı/Yayın Bilgisi: Santiago Centro Gráficio 1997
Edisyon:1a. ed
Konular:
Etiketler: Etiketle
Etiket eklenmemiş, İlk siz ekleyin!

MARC

LEADER 00000nam a2200000 a 4500
001 UCH3800
003 CL-VaPUC
008 090818e19970000CL |||||||||||||||||spa|d
082 0 4 |a 862  |b FER  |2 21 
100 0 |a Fernández de Moratín, Leandro  |e author  |9 321783 
245 1 3 |a El sí de la niñas 
250 |a 1a. ed 
300 |a 74 p 
942 |c BK 
945 |d 20090818 00:00:00  |a lazolas 
260 |a Santiago  |b Centro Gráficio  |c 1997 
650 0 |a Dramas españoles  |9 267081 
650 0 |a Literatura española  |9 306261 
583 |a last modification  |c 20090818 00:00:00  |k Rodrigo Vera 
999 |c 335231  |d 335229